000 00896nam a2200217 i 4500
001 189669
003 ES-MaACL
005 20250819063114.0
008 190902s1948 sp |||| | spa d
100 1 _aRodríguez Adrados, Francisco,
_d1922-2020
_998318
245 1 3 _aEl sistema gentilicio decimal de los indoeuropeos occidentales y los orígenes de Roma /
_cFrancisco Rodríguez Adrados.
260 _aMadrid :
_bInstituto Antonio de Nebrija,
_c1948.
300 _a185 p. ;
_c24 cm.
490 1 _aColección de Manuales "Emérita" ;
_v7
594 _aPrecede al tít.: Consejo Superior de Investigaciones Científicas. Patronato Menéndez Pelayo.
650 0 4 _aIndoeuropeos-
_xHistoria.
_913710
710 2 _aPatronato "Marcelino Menéndez Pelayo"
_96189
830 0 _aColección de Manuales "Emérita" ;
_v7
_9193364
852 _aES-MaACL
_jP-746-7
999 _c189669
_d189669